00370nam a2200157Ia 4500008004100000041000800041100002200049245004700071260002300118300000900141365000700150520001200157520001500169650000900184999001900193230605s1994 xx 000 0 und d aeng aLabour Law Agency aBombay Shops And Establishments Act - 1948 bS.L. Dwivedic1994 a151p h10 aGeneral aHard Board aAct. c419958d419958